000 00548nam a22002177a 4500
005 20151119093331.0
008 151119b xxu||||| |||| 00| 0 eng d
020 _a9789380673844
_c340
040 _aLoreto College
041 _aEnglish
082 _a510
_bPAL
100 _aPal, B.K.
245 _aEngineering mathematics volume-1
_cB.K.Pal
250 _a7th ed.
260 _aKolkata
_bU.N.Dhur & Sons
_c2015
300 _axvi,various pagings
_b22cm
650 _aMathematics
700 _4Auth
_aDas, K.
850 _aLCLIB
942 _cBK
999 _c40182
_d90661